MARC details
| 000 -LEADER |
| fixed length control field |
02247cam a2200325 4500 |
| 001 - CONTROL NUMBER |
| control field |
ABS68287 |
| 008 - FIXED-LENGTH DATA ELEMENTS--GENERAL INFORMATION |
| fixed length control field |
040921n2004 000 0 eng u |
| 035 ## - SYSTEM CONTROL NUMBER |
| System control number |
(Sirsi) u127468 |
| 245 ## - TITLE STATEMENT |
| Title |
RICS 2004 member survey: the results |
| 260 ## - PUBLICATION, DISTRIBUTION, ETC. |
| Date of publication, distribution, etc. |
2004 |
| 490 ## - SERIES STATEMENT |
| Series statement |
RICS Business |
| Volume/sequential designation |
September 2004, 26-28(3) |
| 520 ## - SUMMARY, ETC. |
| Summary, etc. |
Summarises the findings of the RICS 2004 member survey responded to by 7 800 members, around 10% of all qualified members. Members from outside the UK participated and accounted for 5% of the responses. Tables and graphs cover the headline results, the top five RICS services, the differences in members' views and an analysis of the respondent base by gender, age, faculty membership and region. The survey shows that overall RICS members still perceive RICS as an effective body for the profession and see their qualification as valuable. There was a feeling that the faculties, national associations and regions need to be reviewed. Many of the findings confirm the conclusions of the Brooke Review, whose implementation will commence later in 2004. View the article and further information at www.rics.org. |
| 590 ## - LOCAL NOTE (RLIN) |
| Local note |
ABS |
| 590 ## - LOCAL NOTE (RLIN) |
| Local note |
ABS |
| 590 ## - LOCAL NOTE (RLIN) |
| Local note |
ABS |
| 650 ## - SUBJECT ADDED ENTRY--TOPICAL TERM |
| Topical term or geographic name entry element |
RICS MEMBERSHIP |
| 650 ## - SUBJECT ADDED ENTRY--TOPICAL TERM |
| Topical term or geographic name entry element |
RICS FACULTIES AND FORUMS |
| 650 ## - SUBJECT ADDED ENTRY--TOPICAL TERM |
| Topical term or geographic name entry element |
RICS NATIONAL ASSOCIATIONS |
| 650 ## - SUBJECT ADDED ENTRY--TOPICAL TERM |
| Topical term or geographic name entry element |
RICS ENGLISH AND WELSH REGIONS |
| 650 ## - SUBJECT ADDED ENTRY--TOPICAL TERM |
| Topical term or geographic name entry element |
RICS BROOKE REVIEW |
| 650 ## - SUBJECT ADDED ENTRY--TOPICAL TERM |
| Topical term or geographic name entry element |
MEMBERS SURVEY |
| 690 ## - LOCAL SUBJECT ADDED ENTRY--TOPICAL TERM (OCLC, RLIN) |
| Topical term or geographic name as entry element |
RICS NEWS |
| 856 ## - ELECTRONIC LOCATION AND ACCESS |
| Uniform Resource Identifier |
<a href="https://www.rics.org/RICSWEB/getpage.aspx?p=xJWMOEpXC0K5ZdlEF04fFg==">https://www.rics.org/RICSWEB/getpage.aspx?p=xJWMOEpXC0K5ZdlEF04fFg==</a> |
| Public note |
View the article on the RICS website... |
| 856 ## - ELECTRONIC LOCATION AND ACCESS |
| Uniform Resource Identifier |
<a href="https://www.rics.org/RICSWEB/getpage.aspx?p=yFh88TJmv0yrBXoarnxyow==">https://www.rics.org/RICSWEB/getpage.aspx?p=yFh88TJmv0yrBXoarnxyow==</a> |
| Public note |
View the further information on the RICS website... |
| 856 ## - ELECTRONIC LOCATION AND ACCESS |
| Uniform Resource Identifier |
<a href="https://www.rics.org/RICSWEB/getpage.aspx?p=xJWMOEpXC0K5ZdlEF04fFg==">https://www.rics.org/RICSWEB/getpage.aspx?p=xJWMOEpXC0K5ZdlEF04fFg==</a> |
| Public note |
View the article on the RICS website... |
| 856 ## - ELECTRONIC LOCATION AND ACCESS |
| Uniform Resource Identifier |
<a href="https://www.rics.org/RICSWEB/getpage.aspx?p=yFh88TJmv0yrBXoarnxyow==">https://www.rics.org/RICSWEB/getpage.aspx?p=yFh88TJmv0yrBXoarnxyow==</a> |
| Public note |
View the further information on the RICS website... |
| 856 ## - ELECTRONIC LOCATION AND ACCESS |
| Uniform Resource Identifier |
<a href="https://www.rics.org/RICSWEB/getpage.aspx?p=xJWMOEpXC0K5ZdlEF04fFg==">https://www.rics.org/RICSWEB/getpage.aspx?p=xJWMOEpXC0K5ZdlEF04fFg==</a> |
| Public note |
View the article on the RICS website... |
| 856 ## - ELECTRONIC LOCATION AND ACCESS |
| Uniform Resource Identifier |
<a href="https://www.rics.org/RICSWEB/getpage.aspx?p=yFh88TJmv0yrBXoarnxyow==">https://www.rics.org/RICSWEB/getpage.aspx?p=yFh88TJmv0yrBXoarnxyow==</a> |
| Public note |
View the further information on the RICS website... |
| 942 ## - ADDED ENTRY ELEMENTS (KOHA) |
| Suppress in OPAC |
0 |